| 000 | 00892nam0a22002411 4500 | ||
|---|---|---|---|
| 001 | rc\3295025 | ||
| 005 | 20250609174125.0 | ||
| 035 | _a(NLR Aleph) 007405674 | ||
| 090 |
_a6760827 _c6760827 |
||
| 100 | _a20130115d1974 |||y0rusy50 ca | ||
| 101 | 0 | _arus | |
| 102 | _aRU | ||
| 105 | _ay c ||||| | ||
| 200 | 1 |
_aСражения, выигранные в тылу врага _e(Мед. работники в годы Великой Отеч. войны) _eРек. указ. литературы _fКишинев. гос. мед. ин-т. Науч. б-ка |
|
| 210 |
_aКишинев _cТимпул _d1974 |
||
| 215 |
_a23 с. _d20 |
||
| 300 | _aСост. указан на 2-й с. обл. | ||
| 700 | 1 |
_aШпитальник _bС.С. _gСара Соломоновна _4220 |
|
| 801 | 0 |
_aRU _bNLR _gpsbo |
|
| 801 | 1 |
_aRU _bELAR _2rusmarc |
|
| 852 |
_aNLR _jС299-660/С75 |
||
| 942 | _cBOOK | ||
| 980 | _aNB | ||